| 000 | 005410000a22002050004500 | ||
|---|---|---|---|
| 003 | LK-CoMWRAF | ||
| 005 | 20230923221732.0 | ||
| 008 | 230817t ||||| |||| 00| 0 eng d | ||
| 040 |
_aLK-CoMWRAF _dLK-CoMWRAF _eLK-CoMWRAF |
||
| 041 | _aeng | ||
| 082 |
_a297.5 _bALW |
||
| 100 | _aAlwaye, Mohiaddin | ||
| 245 |
_aPillars of Islam : _bShahadah and Salah |
||
| 260 | _c1985 | ||
| 300 | _a79p | ||
| 490 | _aPillars of Islam | ||
| 650 | _aPillars of Islam -- Rules and practice | ||
| 650 | _aIslam -- Customs and practices | ||
| 942 | _cBK | ||
| 999 |
_c2001 _d2001 |
||